Management veřejné správy : teorie a praxe : zkušenosti z transformace veřejné správy ze zemí střední a východní Evropy /

Hlavní autor: Wright, Glen
Korporativní autor: Network of Institutes and Schools of Public Administration in Central and Eastern Europe
Další autoři: Nemec, Juraj, 1960-
Jazyk: Čeština
Vydáno: Praha : Ekopress, 2003
Vydání: Vyd. 1.
Témata:
Externí odkaz: Digitalizovaný dokument
Fyzický popis: 419 s. ; 24 cm
Knihy
Uloženo v:
LEADER 01896nam a2200409 a 4500
001 000705471
003 CZ BrMZK
005 20041203130934.0
007 ta
008 040204s2003 xr e 000 0 cze d
015 |a cnb001290130 
020 |a 80-86119-70-X  |q (brož.) 
035 |a (OCoLC)56872359 
040 |a BOA001  |b cze 
072 7 |a 35.07  |x Organizace a řízení veřejné správy  |2 Konspekt  |9 15 
080 |a (048.8)  |2 MRF 
080 |a 35  |2 MRF 
080 |a 005  |2 MRF 
100 1 |a Wright, Glen  |7 mzk2004217527  |4 aut 
245 1 0 |a Management veřejné správy :  |b teorie a praxe : zkušenosti z transformace veřejné správy ze zemí střední a východní Evropy /  |c Glen Wright, Juraj Nemec ; [přeložili František Ochrana ... et al.] 
250 |a Vyd. 1. 
260 |a Praha :  |b Ekopress,  |c 2003 
300 |a 419 s. ;  |c 24 cm 
500 |a Nad názvem: The Network of Institutes and Schools of Public Administration in Central and Eastern Europe (NISPAcee) 
504 |a Obsahuje bibliografie a rejstřík 
500 |a Dostupné též v digitální podobě v aplikaci Kramerius 
650 0 7 |a management  |7 ph115217  |2 czenas 
650 0 7 |a veřejná správa  |7 ph127076  |2 czenas 
655 7 |a monografie  |7 fd132842  |2 czenas 
700 1 |a Nemec, Juraj,  |d 1960-  |7 mzk2004217526  |4 aut 
710 2 |a Network of Institutes and Schools of Public Administration in Central and Eastern Europe  |7 mzk2004218512 
765 0 |t Public management in the central and eastern European transition  |9 Česky 
856 4 1 |u http://www.digitalniknihovna.cz/mzk/uuid/uuid:51bd8690-7db4-11e7-aab4-005056827e52  |y Digitalizovaný dokument  |x NDK 
910 |a BOA001  |b 2-1128.730 
990 |a BK 
996 6 |b 2610211438  |c 2-1128.730  |l MZK  |r HSS 4p  |n 0  |p kup  |h 35 WRI  |w 000705471  |u 000010  |a 0  |e BOA001  |j MZK50  |s P 
996 7 |b 2610222238  |c 2-1128.730  |l Vol.výběr  |r VV 0p  |n 84  |p p.v.  |h 35 WRI  |w 000705471  |u 000020  |a 0  |e BOA001  |j MZK50  |s A